[Event "Tabor op"]
[Site "Tabor"]
[Date "2007.08.01"]
[Round "5"]
[White "Trojacek, Pavel"]
[Black "Lauko, Marian"]
[Result "1-0"]
[WhiteElo "2103"]
[BlackElo "1886"]
[PlyCount "109"]
[EventDate "2007.07.29"]
[EventType "swiss"]
[EventRounds "9"]
[EventCountry "CZE"]
[SourceTitle "EXT 2009"]
[Source "ChessBase"]
[SourceDate "2008.11.26"]
[SourceVersion "1"]
[SourceVersionDate "2008.11.26"]
[SourceQuality "1"]

1. d4 d5 2. c4 e6 3. Nc3 c6 4. e3 Nf6 5. Nf3 Nbd7 6. Qc2 g6 7. Be2 Bg7 8. 0-0 0-0 9. b3 Re8 10. Bb2 Nb6 11. Rfd1 Qc7 12. Rac1 a6 13. Bf1 Nbd7 14. g3 b6 15. Bg2 dxc4 16. bxc4 Bb7 17. e4 Red8 18. Rb1 b5 19. c5 Nf8 20. Bc1 Nh5 21. e5 Bh8 22. g4 Ng7 23. Ne4 Ne8 24. Bg5 Rdc8 25. Qd2 Nd7 26. Nd6 Nxd6 27. exd6 Qb8 28. Re1 Re8 29. Re2 Qc8 30. Rbe1 Bg7 31. Bh6 Bf6 32. Qf4 Qd8 33. h4 a5 34. h5 b4 35. hxg6 hxg6 36. Bh3 Ba6 37. Re3 Bc4 38. a3 Bd5 39. Bf1 b3 40. Bd3 a4 41. Be4 Bxd4 42. Nxd4 e5 43. Qf3 Bxe4 44. Rxe4 Nxc5 45. Nxc6 Qxd6 46. Rxe5 Rxe5 47. Rxe5 f6 48. Re2 Rd8 49. Rd2 Qxd2 50. Bxd2 Rxd2 51. Qxf6 Rd7 52. Ne7+ Rxe7 53. Qxe7 b2 54. Qd8+ Kh7 55. Qd1 1-0

[Event "Tabor op"]
[Site "Tabor"]
[Date "2007.07.29"]
[Round "1"]
[White "Trojacek, Pavel"]
[Black "Tkadlecek, Petr"]
[Result "1-0"]
[WhiteElo "2103"]
[BlackElo "1626"]
[PlyCount "93"]
[EventDate "2007.07.29"]
[EventType "swiss"]
[EventRounds "9"]
[EventCountry "CZE"]
[SourceTitle "EXT 2009"]
[Source "ChessBase"]
[SourceDate "2008.11.26"]
[SourceVersion "1"]
[SourceVersionDate "2008.11.26"]
[SourceQuality "1"]

1. e4 e5 2. Nf3 Nc6 3. Bb5 a6 4. Bxc6 dxc6 5. 0-0 Bg4 6. h3 Bxf3 7. Qxf3 Qf6 8. Qg3 Bc5 9. d3 h6 10. Nd2 Ne7 11. Nc4 Ng6 12. Be3 Bd6 13. c3 b5 14. Nxd6+ cxd6 15. f4 exf4 16. Bxf4 Nxf4 17. Rxf4 Qg5 18. Rg4 Qe5 19. Rxg7 Qxg3 20. Rxg3 Ke7 21. Rf1 Rhg8 22. Rff3 Rg6 23. Kf2 Rag8 24. Rxg6 fxg6 25. Ke3 Ke6 26. g4 Ke7 27. h4 g5 28. h5 Rd8 29. Rf5 c5 30. d4 Rc8 31. b3 Rc6 32. d5 Rb6 33. e5 dxe5 34. Ke4 a5 35. Kxe5 a4 36. d6+ Rxd6 37. Rf7+ Kxf7 38. Kxd6 axb3 39. axb3 c4 40. bxc4 bxc4 41. Kd5 Kf6 42. Kd4 Ke6 43. Ke4 Kd6 44. Kf5 Ke7 45. Kg6 Ke6 46. Kxh6 Kf6 47. Kh7 1-0

[Event "Tabor op"]
[Site "Tabor"]
[Date "2005.08.06"]
[Round "9"]
[White "Trojacek, Pavel"]
[Black "Karlik, Vladimir"]
[Result "0-1"]
[WhiteElo "2133"]
[BlackElo "2288"]
[PlyCount "48"]
[EventDate "2005.07.30"]
[EventType "swiss"]
[EventRounds "9"]
[EventCountry "CZE"]
[SourceTitle "EXT 2006"]
[Source "ChessBase"]
[SourceDate "2005.11.24"]
[SourceVersion "1"]
[SourceVersionDate "2005.11.24"]
[SourceQuality "1"]

1. d4 g6 2. c4 Bg7 3. Nc3 d6 4. e4 Nf6 5. Be2 0-0 6. Bg5 Na6 7. f4 Qe8 8. Nf3 e5 9. fxe5 dxe5 10. Nxe5 c5 11. Bxf6 Bxf6 12. Nf3 cxd4 13. Nxd4 Qe5 14. Nf3 Qc5 15. Qb3 Be6 16. Nd5 Qa5+ 17. Nd2 Bxd5 18. cxd5 Rac8 19. Bxa6 bxa6 20. Rb1 Bg5 21. Qd3 Rfe8 22. Rf1 Bxd2+ 23. Qxd2 Rxe4+ 24. Kd1 Qxa2 0-1

[Event "Tabor op"]
[Site "Tabor"]
[Date "2005.08.04"]
[Round "7"]
[White "Meszaros, Ludek"]
[Black "Trojacek, Pavel"]
[Result "0-1"]
[WhiteElo "2212"]
[BlackElo "2069"]
[PlyCount "84"]
[EventDate "2005.07.30"]
[EventType "swiss"]
[EventRounds "9"]
[EventCountry "CZE"]
[SourceTitle "EXT 2006"]
[Source "ChessBase"]
[SourceDate "2005.11.24"]
[SourceVersion "1"]
[SourceVersionDate "2005.11.24"]
[SourceQuality "1"]

1. d4 d5 2. c4 c6 3. Nc3 Nf6 4. Nf3 e6 5. Bg5 Nbd7 6. e3 Qa5 7. Nd2 Bb4 8. Qc2 dxc4 9. Bxf6 Nxf6 10. Nxc4 Qc7 11. g3 0-0 12. Bg2 c5 13. 0-0 Bd7 14. dxc5 Qxc5 15. Ne4 Nxe4 16. Bxe4 Rac8 17. Bxh7+ Kh8 18. Bd3 b5 19. a3 bxc4 20. axb4 Qxb4 21. Be4 a5 22. Qd1 Qb5 23. Qd2 a4 24. Bc2 Ra8 25. Qd4 Kg8 26. Rfd1 Bc6 27. Qh4 f5 28. Rab1 Qc5 29. g4 Bb7 30. g5 Qc6 31. e4 e5 32. Qh5 g6 33. Qh3 Rad8 34. Qa3 fxe4 35. Bxa4 Qe6 36. Qg3 Rd3 37. Qg2 Rf7 38. Rxd3 exd3 39. Qg3 Qd5 40. f3 Rxf3 41. Qg2 Qd4+ 42. Kh1 Qxb2 0-1

[Event "Tabor op"]
[Site "Tabor"]
[Date "2005.08.??"]
[Round "6"]
[White "Trojacek, Pavel"]
[Black "Vavrousek, Petr"]
[Result "1-0"]
[WhiteElo "2133"]
[BlackElo "1939"]
[PlyCount "123"]
[EventDate "2005.07.30"]
[EventType "swiss"]
[EventRounds "9"]
[EventCountry "CZE"]
[SourceTitle "EXT 2006"]
[Source "ChessBase"]
[SourceDate "2005.11.24"]
[SourceVersion "1"]
[SourceVersionDate "2005.11.24"]
[SourceQuality "1"]

1. d4 d5 2. c4 c6 3. cxd5 cxd5 4. Nf3 Nf6 5. Nc3 Nc6 6. Bf4 Ne4 7. e3 Nxc3 8. bxc3 g6 9. Bb5 Bg7 10. Ne5 Bxe5 11. Bxe5 0-0 12. Bxc6 bxc6 13. Qa4 Bf5 14. 0-0 Bd3 15. Rfc1 Qd7 16. Rd1 Be4 17. c4 dxc4 18. Qxc4 Rfd8 19. f3 Bd5 20. Qc3 f6 21. Bg3 Rac8 22. a4 Bf7 23. Rdc1 g5 24. Rab1 h5 25. h3 h4 26. Bh2 Qe6 27. a5 Rd7 28. a6 Qa2 29. Rb7 Be8 30. Ra1 Qe6 31. Kf2 f5 32. Be5 Ra8 33. Ra5 Kf8 34. Kg1 Kg8 35. Qe1 Kf8 36. f4 Qh6 37. fxg5 Qxg5 38. Bf4 Qf6 39. Qb1 Rd5 40. Rxd5 cxd5 41. Rb8 Rxb8 42. Bxb8 Qe6 43. Be5 Qg6 44. Qb7 Qc6 45. Qxa7 Qc1+ 46. Kh2 Qxe3 47. Qb8 Kf7 48. a7 Bc6 49. a8Q Bxa8 50. Qxa8 Qe4 51. Qh8 Ke6 52. Qh6+ Kf7 53. Qf4 Kg6 54. Qxe4 fxe4 55. Kg1 Kh5 56. Kf2 Kg6 57. g3 hxg3+ 58. Kxg3 Kg5 59. Bc7 Kf5 60. h4 e3 61. Bf4 Kg6 62. Kg4 1-0

[Event "Tatry op"]
[Site "Tatranske Zruby"]
[Date "2000.10.10"]
[Round "4"]
[White "Trojacek, Pavel"]
[Black "Walek, Milan"]
[Result "1/2-1/2"]
[WhiteElo "2165"]
[BlackElo "2314"]
[PlyCount "76"]
[EventDate "2000.10.07"]
[EventType "swiss"]
[EventRounds "9"]
[EventCountry "SVK"]
[SourceTitle "EXT 2001"]
[Source "ChessBase"]
[SourceDate "2000.11.22"]
[SourceVersion "1"]
[SourceVersionDate "2000.11.22"]
[SourceQuality "1"]

1. d4 Nf6 2. Bg5 Ne4 3. h4 c5 4. dxc5 Nxg5 5. hxg5 Qa5+ 6. Nc3 Qxc5 7. g6 fxg6 8. e3 d6 9. Nh3 Nc6 10. Qd5 Bxh3 11. Rxh3 Qxd5 12. Nxd5 Rc8 13. Bb5 e6 14. Nb4 g5 15. 0-0-0 Be7 16. Nxc6 bxc6 17. Bd3 h6 18. f4 Rf8 19. Rf3 gxf4 20. Rxf4 Bg5 21. Rxf8+ Kxf8 22. Kd2 Ke7 23. Rf1 Rb8 24. b3 Bf6 25. c4 a5 26. Rb1 h5 27. a3 c5 28. e4 Be5 29. Be2 g6 30. Kc2 Kf6 31. Rf1+ Kg7 32. a4 Rh8 33. Rh1 Rf8 34. Bf3 Kf6 35. Kd3 Bg3 36. Rh3 h4 37. Rh1 Ke5 38. Rf1 Rf4 1/2-1/2

[Event "Ceske Budejovice op"]
[Site "Ceske Budejovice"]
[Date "2000.??.??"]
[Round "7"]
[White "Ewald, Alexander"]
[Black "Trojacek, Pavel"]
[Result "1/2-1/2"]
[WhiteElo "2125"]
[BlackElo "2165"]
[PlyCount "82"]
[EventDate "2000.??.??"]
[EventType "swiss"]
[EventRounds "9"]
[EventCountry "CZE"]
[SourceTitle "EXT 2003"]
[Source "ChessBase"]
[SourceDate "2002.11.25"]
[SourceVersion "1"]
[SourceVersionDate "2002.11.25"]
[SourceQuality "1"]

1. d4 d5 2. c4 c6 3. Nf3 Nf6 4. Nc3 dxc4 5. a4 Bg4 6. Ne5 Bh5 7. Nxc4 Nbd7 8. Qb3 Nb6 9. a5 Nxc4 10. Qxc4 Rc8 11. g3 e6 12. Bg2 Qd7 13. e4 Be7 14. 0-0 0-0 15. h3 c5 16. d5 exd5 17. exd5 Ne8 18. Bf4 Nd6 19. Bxd6 Bxd6 20. Rfe1 f5 21. f4 Rfe8 22. Qb5 Qc7 23. a6 bxa6 24. Qxa6 Rxe1+ 25. Rxe1 Re8 26. Ra1 Qe7 27. Kh2 g5 28. Nb5 Bb8 29. d6 Qd7 30. Ra2 gxf4 31. gxf4 Re2 32. b4 Rxa2 33. Qxa2+ Bf7 34. Bd5 cxb4 35. Qg2+ Kf8 36. Bxf7 Kxf7 37. Qd5+ Kf8 38. Qe5 Kf7 39. Qd5+ Kf6 40. Qd4+ Kg6 41. Qd5 Kf6 1/2-1/2

[Event "Ceske Budejovice op"]
[Site "Ceske Budejovice"]
[Date "2000.??.??"]
[Round "4"]
[White "Trojacek, Pavel"]
[Black "Mraz, Miroslav"]
[Result "1/2-1/2"]
[WhiteElo "2165"]
[BlackElo "2040"]
[PlyCount "27"]
[EventDate "2000.??.??"]
[EventType "swiss"]
[EventRounds "9"]
[EventCountry "CZE"]
[SourceTitle "EXT 2003"]
[Source "ChessBase"]
[SourceDate "2002.11.25"]
[SourceVersion "1"]
[SourceVersionDate "2002.11.25"]
[SourceQuality "1"]

1. d4 d5 2. c4 c6 3. cxd5 cxd5 4. Nf3 Nf6 5. Nc3 Nc6 6. Bf4 Bf5 7. e3 Qb6 8. Bb5 e6 9. Qa4 Be7 10. Ne5 Rc8 11. 0-0 0-0 12. Bg5 Rfd8 13. Rfc1 Nb8 14. h3 1/2-1/2

[Event "Ceske Budejovice op"]
[Site "Ceske Budejovice"]
[Date "2000.??.??"]
[Round "6"]
[White "Trojacek, Pavel"]
[Black "Straka, Zdenek"]
[Result "1-0"]
[WhiteElo "2165"]
[BlackElo "1925"]
[PlyCount "69"]
[EventDate "2000.??.??"]
[EventType "swiss"]
[EventRounds "9"]
[EventCountry "CZE"]
[SourceTitle "EXT 2003"]
[Source "ChessBase"]
[SourceDate "2002.11.25"]
[SourceVersion "1"]
[SourceVersionDate "2002.11.25"]
[SourceQuality "1"]

1. d4 f5 2. e4 fxe4 3. Nc3 Nf6 4. Bg5 Nc6 5. f3 exf3 6. Nxf3 d6 7. Bb5 a6 8. Ba4 b5 9. Bb3 Bg4 10. 0-0 Na5 11. Qe2 Nxb3 12. axb3 c6 13. Rae1 Qb6 14. h3 Bd7 15. Kh1 0-0-0 16. b4 h6 17. Be3 Qb7 18. Ra1 Kc7 19. Nd2 g5 20. Bg1 h5 21. Nce4 Nxe4 22. Nxe4 g4 23. h4 Re8 24. Nc5 dxc5 25. Qe5+ Kb6 26. Qxc5+ Kc7 27. Qe5+ Kc8 28. Qxh8 g3 29. Rxf8 Kd8 30. Raf1 c5 31. Qe5 cxd4 32. Bxd4 Qc6 33. Qb8+ Bc8 34. Qb6+ Qxb6 35. Bxb6+ 1-0

[Event "Tatry op"]
[Site "Tatranska Lomnica"]
[Date "1999.10.10"]
[Round "9"]
[White "Jedlicka, Ales"]
[Black "Trojacek, Pavel"]
[Result "1/2-1/2"]
[WhiteElo "2238"]
[BlackElo "2156"]
[PlyCount "113"]
[EventDate "1999.10.02"]
[EventType "swiss"]
[EventRounds "9"]
[EventCountry "SVK"]
[SourceTitle "EXT 2000"]
[Source "ChessBase"]
[SourceDate "1999.11.16"]
[SourceVersion "1"]
[SourceVersionDate "1999.11.16"]
[SourceQuality "1"]

1. d4 d5 2. c4 c6 3. Nf3 Nf6 4. Qc2 e6 5. Bg5 Be7 6. e3 Nbd7 7. Nbd2 0-0 8. Bd3 c5 9. cxd5 exd5 10. 0-0 c4 11. Bf5 Re8 12. Ne5 Nxe5 13. dxe5 Bxf5 14. Qxf5 Nd7 15. e6 Nf6 16. Rad1 Qc8 17. exf7+ Kxf7 18. Qc2 h6 19. Bh4 Qe6 20. Nf3 Rad8 21. Nd4 Qe4 22. Bg3 Qxc2 23. Nxc2 Bc5 24. Nd4 Rd7 25. Rfe1 Ne4 26. f3 Nxg3 27. hxg3 b5 28. Kf2 Bxd4 29. Rxd4 Red8 30. Ke2 Ke6 31. Kd2 Kd6 32. Rh1 a5 33. Rh5 Kc5 34. g4 b4 35. g5 hxg5 36. Rxg5 Re8 37. Rdg4 c3+ 38. bxc3 bxc3+ 39. Kd3 c2 40. Kxc2 Rxe3 41. Rxg7 Re2+ 42. Kd3 Rxg7 43. Kxe2 Rb7 44. Kd3 Rb2 45. a4 Ra2 46. Kc3 Ra3+ 47. Kb2 Re3 48. Rg8 Kc4 49. f4 Re2+ 50. Kc1 Rf2 51. g3 d4 52. Rg5 d3 53. Rxa5 Rf1+ 54. Kd2 Rf2+ 55. Ke1 Rg2 56. Ra8 d2+ 57. Kd1 1/2-1/2

[Event "Trinec op"]
[Site "Trinec"]
[Date "1998.12.30"]
[Round "5"]
[White "Trojacek, Pavel"]
[Black "Blazkova, Petra"]
[Result "0-1"]
[WhiteElo "2140"]
[BlackElo "2240"]
[PlyCount "62"]
[EventDate "1998.12.??"]
[EventType "swiss"]
[EventRounds "9"]
[EventCountry "CZE"]
[SourceTitle "EXT 2000"]
[Source "ChessBase"]
[SourceDate "1999.11.16"]
[SourceVersion "1"]
[SourceVersionDate "1999.11.16"]
[SourceQuality "1"]

1. d4 Nf6 2. Bg5 c5 3. Bxf6 gxf6 4. d5 Qb6 5. Qc1 f5 6. c4 Bg7 7. Nc3 d6 8. e3 Nd7 9. Nf3 Nf6 10. Bd3 e5 11. dxe6 fxe6 12. Qc2 0-0 13. 0-0 Ng4 14. e4 f4 15. e5 Nxe5 16. Bxh7+ Kh8 17. Nxe5 Bxe5 18. Rad1 Qc7 19. Be4 Qg7 20. Rd3 Rf6 21. Rh3+ Rh6 22. Rxh6+ Qxh6 23. Rd1 Bd7 24. Rd3 Rg8 25. Kh1 f3 26. h3 fxg2+ 27. Bxg2 Qf4 28. Rg3 Rxg3 29. fxg3 Qxg3 30. Kg1 Qe1+ 31. Bf1 Bd4+ 0-1

[Event "Trinec op"]
[Site "Trinec"]
[Date "1998.12.27"]
[Round "2"]
[White "Starostits, Ilmars"]
[Black "Trojacek, Pavel"]
[Result "1-0"]
[WhiteElo "2330"]
[BlackElo "2140"]
[PlyCount "113"]
[EventDate "1998.12.??"]
[EventType "swiss"]
[EventRounds "9"]
[EventCountry "CZE"]
[SourceTitle "EXT 2000"]
[Source "ChessBase"]
[SourceDate "1999.11.16"]
[SourceVersion "1"]
[SourceVersionDate "1999.11.16"]
[SourceQuality "1"]

1. e4 e5 2. Nf3 Nc6 3. Bc4 Nf6 4. Ng5 Bc5 5. d4 d5 6. dxc5 dxc4 7. Qxd8+ Nxd8 8. Nc3 Ne6 9. Nb5 Nxg5 10. Bxg5 Kd7 11. Bxf6 gxf6 12. Nc3 Kc6 13. Nd5 f5 14. Ne7+ Kxc5 15. exf5 Kd6 16. Nxc8+ Raxc8 17. Rd1+ Ke7 18. Ke2 Rcd8 19. Ke3 Rhg8 20. Rxd8 Rxd8 21. g4 Rd4 22. f3 b5 23. c3 Rd3+ 24. Ke2 Kf6 25. h4 a5 26. Rd1 e4 27. Rf1 b4 28. cxb4 axb4 29. fxe4 Rh3 30. Rc1 Rxh4 31. Rxc4 Rh2+ 32. Kf3 Rxb2 33. Rc6+ Ke5 34. Rc5+ Kd6 35. Rd5+ Ke7 36. Ra5 f6 37. Ra6 Rc2 38. g5 fxg5 39. e5 Rc4 40. Ke3 Rf4 41. f6+ Kf8 42. Rc6 Kf7 43. Rxc7+ Kg6 44. Rg7+ Kf5 45. Re7 Kg6 46. Re8 Kf7 47. Re7+ Kg6 48. Rg7+ Kf5 49. Rg8 Ke6 50. Rxg5 Rh4 51. Rg8 b3 52. axb3 Rh3+ 53. Kf4 Rxb3 54. Re8+ Kf7 55. Re7+ Kg6 56. Rg7+ Kh6 57. Rg2 1-0

[Event "Tatry op"]
[Site "Tatranska Lomnica"]
[Date "1998.??.??"]
[Round "9"]
[White "Trojacek, Pavel"]
[Black "Bazant, P."]
[Result "1/2-1/2"]
[WhiteElo "2140"]
[BlackElo "2360"]
[PlyCount "48"]
[EventDate "1998.??.??"]
[EventType "swiss"]
[EventRounds "9"]
[EventCountry "SVK"]
[SourceTitle "EXT 2000"]
[Source "ChessBase"]
[SourceDate "1999.11.16"]
[SourceVersion "1"]
[SourceVersionDate "1999.11.16"]
[SourceQuality "1"]

1. d4 d5 2. c4 e6 3. Nc3 c5 4. cxd5 exd5 5. Nf3 Nc6 6. g3 c4 7. Bg2 Bb4 8. 0-0 Nge7 9. a3 Ba5 10. Bd2 0-0 11. Rc1 Bb6 12. e3 Na5 13. Na4 Nb3 14. Nxb6 axb6 15. Rc3 b5 16. Rxb3 cxb3 17. Qxb3 Bd7 18. Bb4 Bc6 19. Ne5 Re8 20. Rc1 Ra6 21. Nd3 Nc8 22. Nf4 Nb6 23. Rc5 Na4 24. Rc1 Nb6 1/2-1/2

[Event "Lilie op"]
[Site "Litomysl"]
[Date "1997.??.??"]
[Round "3"]
[White "Trojacek, Pavel"]
[Black "Belunek, Vladimir"]
[Result "1/2-1/2"]
[WhiteElo "2150"]
[BlackElo "2230"]
[PlyCount "24"]
[EventDate "1997.??.??"]
[EventType "swiss"]
[EventRounds "7"]
[EventCountry "CZE"]
[SourceTitle "EXT 1999"]
[Source "ChessBase"]
[SourceDate "1998.11.16"]
[SourceVersion "1"]
[SourceVersionDate "1998.11.16"]
[SourceQuality "1"]

1. d4 Nf6 2. Bg5 Ne4 3. h4 h6 4. Bf4 d5 5. Nd2 Bf5 6. e3 e6 7. g4 Bh7 8. Bd3 Nxd2 9. Qxd2 Bxd3 10. Qxd3 c6 11. Nf3 Qa5+ 12. Ke2 Qa6 1/2-1/2

[Event "Tatry op"]
[Site "Tatranska Lomnica"]
[Date "1997.??.??"]
[Round "9"]
[White "Trojacek, Pavel"]
[Black "Cerny, Jan"]
[Result "1/2-1/2"]
[WhiteElo "2150"]
[BlackElo "2428"]
[PlyCount "42"]
[EventDate "1997.10.18"]
[EventType "swiss"]
[EventRounds "9"]
[EventCountry "SVK"]
[SourceTitle "EXT 1999"]
[Source "ChessBase"]
[SourceDate "1998.11.16"]
[SourceVersion "1"]
[SourceVersionDate "1998.11.16"]
[SourceQuality "1"]

1. d4 d5 2. c4 c6 3. Nf3 Nf6 4. Nc3 dxc4 5. e4 b5 6. e5 Nd5 7. a4 e6 8. axb5 Nxc3 9. bxc3 cxb5 10. Ng5 Bb7 11. Qh5 g6 12. Qg4 Be7 13. Be2 Nd7 14. Bf3 Qc8 15. 0-0 Nb6 16. Bxb7 Qxb7 17. Ne4 a5 18. Bg5 Nd5 19. Bxe7 Kxe7 20. Qg5+ Kf8 21. Qh6+ Ke7 1/2-1/2

[Event "Litomysl op"]
[Site "Litomysl"]
[Date "1996.??.??"]
[Round "7"]
[White "Ianov, Viktor"]
[Black "Trojacek, Pavel"]
[Result "1-0"]
[WhiteElo "2425"]
[BlackElo "2165"]
[PlyCount "85"]
[EventDate "1996.??.??"]
[EventType "swiss"]
[EventRounds "7"]
[EventCountry "CZE"]
[SourceTitle "EXT 1998"]
[Source "ChessBase"]
[SourceDate "1997.11.17"]
[SourceVersion "1"]
[SourceVersionDate "1997.11.17"]
[SourceQuality "1"]

1. Nf3 d5 2. g3 Nf6 3. Bg2 c6 4. 0-0 Bf5 5. d3 e6 6. Be3 Be7 7. c4 dxc4 8. dxc4 Qxd1 9. Rxd1 0-0 10. Nc3 Nbd7 11. Nd4 Bg6 12. Nb3 Nb6 13. Na5 Bb4 14. Bxb6 axb6 15. Nxb7 Bxc3 16. bxc3 Ra3 17. Bxc6 Be4 18. Nd8 Rxc3 19. Bb5 Bd3 20. Rxd3 Rxd3 21. exd3 Rxd8 22. a4 Nd7 23. d4 Kf8 24. Kf1 Nf6 25. c5 Nd5 26. Ke2 Ke7 27. cxb6 Nxb6 28. a5 Nc8 29. Rc1 Rd5 30. Rxc8 Rxb5 31. Rc7+ Kf6 32. a6 Rb3 33. a7 Ra3 34. Kd2 h5 35. h4 g6 36. Kc2 Kf5 37. Kb2 Ra6 38. Rxf7+ Ke4 39. Kc3 Ra4 40. Kb3 Ra1 41. Kc4 Rc1+ 42. Kb5 Rc8 43. Kb6 1-0

[Event "Litomysl op"]
[Site "Litomysl"]
[Date "1996.??.??"]
[Round "2"]
[White "Trojacek, Pavel"]
[Black "Czerwonski, Aleksander"]
[Result "0-1"]
[WhiteElo "2165"]
[BlackElo "2410"]
[PlyCount "80"]
[EventDate "1996.??.??"]
[EventType "swiss"]
[EventRounds "7"]
[EventCountry "CZE"]
[SourceTitle "EXT 1998"]
[Source "ChessBase"]
[SourceDate "1997.11.17"]
[SourceVersion "1"]
[SourceVersionDate "1997.11.17"]
[SourceQuality "1"]

1. d4 d6 2. Nf3 Bg4 3. e3 Nd7 4. Be2 c6 5. h3 Bh5 6. c4 e5 7. dxe5 dxe5 8. Nc3 Be7 9. 0-0 Ngf6 10. Nh4 Bxe2 11. Qxe2 g6 12. e4 0-0 13. Bh6 Re8 14. Rad1 Qc7 15. Qf3 Rad8 16. Nf5 Bf8 17. Qg3 Bxh6 18. Nxh6+ Kg7 19. Nf5+ Kf8 20. Ne3 Nc5 21. Qh4 Qe7 22. Nc2 Kg7 23. f3 Nd3 24. b3 h6 25. Kh1 Rd7 26. Rd2 Red8 27. Kh2 Qc5 28. Rfd1 b5 29. Nd5 cxd5 30. Rxd3 dxc4 31. Rxd7 Rxd7 32. Rxd7 Nxd7 33. bxc4 bxc4 34. Qd8 Nf8 35. Qd2 Ne6 36. Qc3 Nd4 37. Na3 Ne2 38. Qe1 Qxa3 39. Qxe2 Qc5 40. Qc2 c3 0-1

[Event "Decin op"]
[Site "Decin"]
[Date "1995.??.??"]
[Round "3"]
[White "Spesny, Jan"]
[Black "Trojacek, Pavel"]
[Result "1-0"]
[WhiteElo "2295"]
[BlackElo "2165"]
[PlyCount "83"]
[EventDate "1995.??.??"]
[EventType "swiss"]
[EventRounds "9"]
[EventCountry "CZE"]
[SourceTitle "EXT 1997"]
[Source "ChessBase"]
[SourceDate "1996.11.15"]
[SourceVersion "1"]
[SourceVersionDate "1996.11.15"]
[SourceQuality "1"]

1. d4 d5 2. Nf3 Nf6 3. c4 c6 4. Nc3 dxc4 5. a4 Bg4 6. Ne5 Bf5 7. Nxc4 e6 8. g3 Bb4 9. Bg2 a5 10. 0-0 0-0 11. h3 Nbd7 12. Na2 Be7 13. g4 Bg6 14. Bf4 Nd5 15. Bh2 f5 16. e3 b5 17. Ne5 Nxe5 18. Bxe5 b4 19. gxf5 exf5 20. Nc1 Kh8 21. Nd3 Bg5 22. Qe2 f4 23. e4 f3 24. Bxf3 Bf4 25. Nxf4 Nxf4 26. Bxf4 Rxf4 27. Rad1 Qh4 28. e5 Raf8 29. Bxc6 Bh5 30. f3 Qxh3 31. Qh2 Qf5 32. Be4 Qg5+ 33. Qg2 Qe7 34. Rd2 h6 35. Qg3 Qf7 36. Rff2 Bxf3 37. Bxf3 Rxf3 38. Rxf3 Qxf3 39. Qxf3 Rxf3 40. d5 Kg8 41. d6 Rf8 42. e6 1-0

[Event "Hradec Kralove op"]
[Site "Hradec Kralove"]
[Date "1995.??.??"]
[Round "6"]
[White "Trojacek, Pavel"]
[Black "Pacovsky, Jiri"]
[Result "1/2-1/2"]
[WhiteElo "2165"]
[BlackElo "2285"]
[PlyCount "93"]
[EventDate "1995.??.??"]
[EventType "swiss"]
[EventRounds "9"]
[EventCountry "CZE"]
[SourceTitle "EXT 2001"]
[Source "ChessBase"]
[SourceDate "2000.11.22"]
[SourceVersion "1"]
[SourceVersionDate "2000.11.22"]
[SourceQuality "1"]

1. d4 d5 2. c4 c6 3. Nf3 Nf6 4. cxd5 cxd5 5. Nc3 Nc6 6. Bf4 Bf5 7. e3 e6 8. Qb3 Bb4 9. Bb5 Qa5 10. 0-0 0-0 11. Bxc6 bxc6 12. Rfc1 Rfc8 13. a3 Bxc3 14. Qxc3 Qb6 15. Ne5 g5 16. Bg3 Ne4 17. Qb4 c5 18. Qxb6 axb6 19. Nd7 Rc6 20. Be5 Ra7 21. Nf6+ Nxf6 22. Bxf6 c4 23. Bxg5 b5 24. f3 Bd3 25. Bh4 f5 26. Be1 Kf7 27. Bb4 Kf6 28. Kf2 h5 29. g3 Rca6 30. Rg1 Rg7 31. Rad1 Ra8 32. h3 Rag8 33. Rg2 Kf7 34. Rdg1 Rg6 35. Bd6 R8g7 36. Be5 Rh7 37. Bd6 Rg8 38. Ra1 Ra8 39. Bc5 Ra6 40. Rag1 Ra8 41. g4 hxg4 42. hxg4 Rg8 43. gxf5 Rxg2+ 44. Rxg2 exf5 45. Bd6 Rh1 46. Be5 Rc1 47. Kg3 1/2-1/2